000 00269nam a2200121Ia 4500
008 190216s9999||||xx |||||||||||||| ||und||
100 _aNamita Singh
245 0 _aHindi-Kala Akash Ke Neeche
260 _bNavachethan
300 _a104
650 _aHindi
942 _cBK
999 _c16216
_d16216